Derecho penal español: parte general

Kaydedildi:
Detaylı Bibliyografya
Asıl Yazarlar: Rodríguez Devesa, José María (Yazar), Serrano Gómez, Alfonso (Yazar)
Materyal Türü: Kitap
Dil:İspanyolca
Baskı/Yayın Bilgisi: Madrid Dykinson 1995
Edisyon:18a. ed
Konular:
Etiketler: Etiketle
Etiket eklenmemiş, İlk siz ekleyin!

MARC

LEADER 00000nam a2200000 a 4500
001 UCN3885
003 CL-VaPUC
008 010713e19950000SP |||||||||||||||||spa|d
082 0 4 |a 345.46  |b ROD  |2 21 
100 0 |a Rodríguez Devesa, José María  |e author  |9 460487 
700 0 |a Serrano Gómez, Alfonso  |e author  |9 460488 
245 1 0 |a Derecho penal español: parte general 
250 |a 18a. ed 
300 |a 1071 p 
942 |c BK 
945 |d 20010713 00:00:00  |a vberengu 
260 |a Madrid  |b Dykinson  |c 1995 
650 0 |a Delitos  |9 224143 
650 7 |a DERECHO PENAL  |2 CL-VaPUC  |9 11 
650 0 |a Criminología  |9 256168 
650 0 |a Teoría del delito  |9 258906 
650 7 |a FUENTES DEL DERECHO PENAL  |2 CL-VaPUC  |9 460489 
650 0 |a Penas   |9 255927 
650 7 |a RESPONSABILIDAD CIVIL  |2 CL-VaPUC  |9 460490 
651 0 |a España  |9 254926 
583 |a last modification  |c 20010713 00:00:00  |k Rodrigo Vera 
999 |c 296556  |d 296554 
952 |0 0  |1 0  |4 0  |6 345_460000000000000_ROD_1995  |7 0  |8 A  |9 350428  |a BIBDER  |b BIBDER  |d 2019-11-20  |i 3739228  |l 1  |o 345.46 ROD 1995  |p 3739228  |r 2023-07-19  |s 2023-07-19  |w 2019-11-20  |y BK  |k DER